Länder mit den meisten Elite-Universitäten - Statistiken

Allgemein
  • Dieses Quiz wurde 391 mal gespielt
  • Das Durchschnittsergebnis liegt bei 13 aus 15
Antwortstatistiken
# Land % Korrekt
47 Vereinigte Staaten
100%
11 Deutschland
99%
28 Vereinigtes Königreich
98%
12 China
97%
5 Frankreich
97%
9 Japan
96%
7 Kanada
93%
3 Spanien
93%
5 Schweden
88%
7 Schweiz
85%
9 Australien
84%
10 Niederlande
82%
4 Belgien
74%
7 Südkorea
73%
3 Dänemark
70%
Keine übereinstimmenden Quizze gefunden
Verteilung der Resultate
Anzahl Personen mit jedem Resultat
Perzentil nach korrekt beantworteten Fragen
Ihre Resultats-Entwicklung
Sie haben dieses Quiz noch nicht gespielt